00000000nas 2200000zi 4500
0019.504257
003CaOODSP
00520250129111417
006m     o  d f      
007cr |||||||||||
008150406d20072008oncqr p o||||f0   b0fre|d
040 |aCaOODSP|bfre|erda|cCaOODSP
043 |an-cn-nt
0861 |aR72-1F-PDF
1101 |aCanada.|bAffaires indiennes et du Nord Canada. |bRégion des Territoires du Nord-Ouest, |eauteur, |eorganisme de publication.
24510|aServices aux Indiens et aux Inuits.
264 1|aOttawa : |bAffaires indiennes et du Nord Canada, |c2007-2008.
310 |aTriemestriel
336 |atexte|btxt|2rdacontent/fre
337 |ainformatique|bc|2rdamedia/fre
338 |aressource en ligne|bcr|2rdacarrier/fre
3621 |aParaît depuis : Été 2007; ne paraît plus après : Hiver 2008.
500 |aPublié aussi en anglais sous le titre : Indian & Inuit services.
650 6|aPeuples autochtones|xServices|zCanada|vPériodiques.
650 6|aPeuples autochtones|xServices|zTerritoires du Nord-Ouest.|vPériodiques.
650 6|aInuites|xServices|zCanada|vPériodiques.
650 6|aInuites|xServices|zTerritoires du Nord-Ouest.|vPériodiques.
655 7|aPériodiques|2rvmgf
77508|tIndian & Inuit services.|w(CaOODSP)9.507880